000 nam a22 7a 4500
999 _c104356
_d104355
005 20200220130030.0
008 200201b ||||| |||| 00| 0 eng d
020 _a
080 _a598.2(540.69)=M
_bJAY/K
100 _aJayakumari, T. R
245 _aKeralathile nattupakshikal (കേരളത്തിലെ നാട്ടുപക്ഷികൾ)
260 _aThrissur
_bSeed books
_c2018
300 _a96p.
653 _aOrnithology - Malayalam literature
653 _aNattupakshikal - Kerala study
700 _aVinodkumar. R
942 _cBK